Advanced computer architectures / (Record no. 176800)

000 -LEADER
fixed length control field 00973 a2200229 4500
003 - CONTROL NUMBER IDENTIFIER
control field Nust
005 - DATE AND TIME OF LATEST TRANSACTION
control field 20220726160132.0
010 ## - LIBRARY OF CONGRESS CONTROL NUMBER
LC control number 2005049280
020 ## - INTERNATIONAL STANDARD BOOK NUMBER
International Standard Book Number 0849337585 (alk. paper)
040 ## - CATALOGING SOURCE
Transcribing agency Nust
082 00 - DEWEY DECIMAL CLASSIFICATION NUMBER
Classification number 004.22,SHI
100 1# - MAIN ENTRY--PERSONAL NAME
Personal name Shiva, Sajjan G.
9 (RLIN) 95320
245 10 - TITLE STATEMENT
Title Advanced computer architectures /
Statement of responsibility, etc. Sajjan G. Shiva.
260 ## - PUBLICATION, DISTRIBUTION, ETC.
Place of publication, distribution, etc. Boca Raton :
Name of publisher, distributor, etc. CRC Taylor & Francis,
Date of publication, distribution, etc. 2006.
300 ## - PHYSICAL DESCRIPTION
Extent xiv, 335 p. :
Other physical details ill. ;
Dimensions 25 cm.
505 ## - FORMATTED CONTENTS NOTE
Formatted contents note Introduction (Page-1), Uni processor Architecture Overview (Page-15), Models and Terminology (Page-49), Pipe lining (Page-73), Vector Processors (Page-123), Array Processors (Page-167), Multiprocessor Systems (Page-221), Current Directions (Page-283).
650 #0 - SUBJECT ADDED ENTRY--TOPICAL TERM
Topical term or geographic name entry element Computer architecture.
650 #0 - SUBJECT ADDED ENTRY--TOPICAL TERM
Topical term or geographic name entry element High performance computing.
9 (RLIN) 94234
650 #0 - SUBJECT ADDED ENTRY--TOPICAL TERM
Topical term or geographic name entry element Parallel computers.
9 (RLIN) 13754
856 42 - ELECTRONIC LOCATION AND ACCESS
Materials specified Publisher description
Uniform Resource Identifier <a href="http://www.loc.gov/catdir/enhancements/fy0648/2005049280-d.html">http://www.loc.gov/catdir/enhancements/fy0648/2005049280-d.html</a>
942 ## - ADDED ENTRY ELEMENTS (KOHA)
Source of classification or shelving scheme
Koha item type Book
Call number prefix 004.22,SHI
Holdings
Withdrawn status Lost status Source of classification or shelving scheme Damaged status Not for loan Permanent Location Current Location Shelving location Date acquired Full call number Barcode Date last seen Price effective from Koha item type Public note
          Military College of Signals (MCS) Military College of Signals (MCS) General Stacks 12/12/2016 004.22,SHI MCS32371 12/08/2016 12/12/2016 Book Almirah No.2, Self No.4
© 2023 Central Library, National University of Sciences and Technology. All Rights Reserved.